[Event "Paraguay Gran Prix U2300 08"]
[Site "Paraguay"]
[Date "2013.08.26"]
[Round "7.3"]
[White "Ippoliti, Horacio Alberto"]
[Black "Benedetti, Claudio"]
[Result "1-0"]
[WhiteElo "2033"]
[BlackElo "2034"]
[PlyCount "65"]
[EventDate "2013.08.07"]
[EventType "swiss"]
[EventRounds "9"]
[EventCountry "ARG"]
[SourceTitle "EXT 2024"]
[Source "ChessBase"]
[SourceDate "2023.10.10"]
[SourceVersion "1"]
[SourceVersionDate "2023.10.10"]
[SourceQuality "1"]

1. d4 Nf6 2. Nc3 d5 3. Bg5 Bf5 4. f3 c6 5. Qd2 Nbd7 6. e3 h6 7. Bf4 e6 8. Nge2 Bb4 9. a3 Qa5 10. Rc1 Be7 11. Ng3 Bh7 12. e4 dxe4 13. fxe4 g5 14. Be3 Ng4 15. Be2 Nxe3 16. Qxe3 0-0-0 17. 0-0 e5 18. Kh1 exd4 19. Qxd4 Ne5 20. Qf2 Bc5 21. Qe1 Qc7 22. Nf5 Bg6 23. b4 Bf8 24. Rd1 Bxf5 25. Rxd8+ Qxd8 26. exf5 Qd4 27. Bf3 Qd7 28. Ne4 Be7 29. c3 Qd3 30. Qe2 Rd8 31. Rd1 Qxe2 32. Rxd8+ Kxd8 33. Bxe2 1-0

[Event "Paraguay Gran Prix U2300 08"]
[Site "Paraguay"]
[Date "2013.08.22"]
[Round "6.1"]
[White "Lozano, Betania"]
[Black "Ippoliti, Horacio Alberto"]
[Result "1-0"]
[WhiteElo "2071"]
[BlackElo "2033"]
[PlyCount "104"]
[EventDate "2013.08.07"]
[EventType "swiss"]
[EventRounds "9"]
[EventCountry "ARG"]
[SourceTitle "EXT 2024"]
[Source "ChessBase"]
[SourceDate "2023.10.10"]
[SourceVersion "1"]
[SourceVersionDate "2023.10.10"]
[SourceQuality "1"]

1. Nf3 Nf6 2. g3 g6 3. Bg2 Bg7 4. 0-0 0-0 5. c3 c5 6. d3 Nc6 7. e4 d6 8. Re1 e5 9. d4 Bg4 10. d5 Ne7 11. Qb3 Qd7 12. Nh4 Rab8 13. Nd2 b5 14. Qc2 Nh5 15. f3 Bh3 16. g4 Nf4 17. Nf1 Nxg2 18. Nxg2 f5 19. gxf5 gxf5 20. Bg5 Ng6 21. Be3 fxe4 22. fxe4 Qg4 23. Kh1 Qf3 24. Kg1 Nf4 25. Bxf4 exf4 26. Qf2 Qg4 27. Kh1 b4 28. Rac1 Rb7 29. Rc2 Be5 30. Nh4 Qh5 31. Nd2 Rg7 32. Ndf3 Kh8 33. Rcc1 a5 34. Rg1 Rfg8 35. cxb4 axb4 36. Rxg7 Rxg7 37. b3 Bf6 38. Re1 Rg4 39. Nf5 Qg6 40. Re2 Be5 41. N5h4 Qh5 42. Nf5 Qg6 43. N5h4 Qh5 44. Nf5 Rg8 45. N5h4 Rc8 46. Rc2 Bf6 47. Rc1 Bxh4 48. Nxh4 f3 49. Qb2+ Qe5 50. Qxe5+ dxe5 51. Nxf3 Kg7 52. Nxe5 Kf6 1-0

[Event "Buenos Aires Bolivar op 4th"]
[Site "Buenos Aires"]
[Date "2011.06.21"]
[Round "7"]
[White "Ippoliti, Horacio Alberto"]
[Black "Tokatlian, Gabriel"]
[Result "0-1"]
[WhiteElo "2076"]
[BlackElo "1877"]
[PlyCount "126"]
[EventDate "2011.06.13"]
[EventType "swiss"]
[EventRounds "9"]
[EventCountry "ARG"]
[SourceTitle "EXT 2014"]
[Source "ChessBase"]
[SourceDate "2013.11.20"]
[SourceVersion "1"]
[SourceVersionDate "2013.11.20"]
[SourceQuality "1"]

1. d4 d5 2. Nf3 c6 3. c4 Bf5 4. e3 Nf6 5. Nc3 e6 6. Be2 Bd6 7. Qb3 Qb6 8. c5 Qxb3 9. axb3 Bc7 10. 0-0 Nbd7 11. b4 0-0 12. b5 e5 13. Bd2 e4 14. Ne1 Bg4 15. bxc6 bxc6 16. Nc2 Rfb8 17. b4 Bxe2 18. Nxe2 a6 19. Rfb1 Nf8 20. Nc1 Ne6 21. Nb3 Kf8 22. Ra2 Rb7 23. Rba1 Rba7 24. h3 Ke8 25. b5 cxb5 26. Na5 Nd8 27. Nb4 Kd7 28. Kf1 h6 29. Ke2 Bxa5 30. Rxa5 Nc6 31. Rxa6 Rxa6 32. Rxa6 Rxa6 33. Nxa6 Ne8 34. g4 g6 35. Nb4 Nxb4 36. Bxb4 Nc7 37. Ba5 Na6 38. Kd2 Kc6 39. Bd8 Nb8 40. Ke2 b4 41. Kd2 Kb5 42. Kc2 Nc6 43. Bc7 Kc4 44. Kb2 b3 45. Bb6 f5 46. gxf5 gxf5 47. Bc7 h5 48. Bb6 Kb4 49. Bc7 Ka4 50. Bb6 Nb4 51. Bd8 Nd3+ 52. Kb1 Kb5 53. Bh4 f4 54. exf4 Nxf4 55. Kb2 Nxh3 56. Kxb3 Ng1 57. Kc3 Nf3 58. Be7 h4 59. Bd6 h3 60. Bb8 h2 61. Bxh2 Nxh2 62. Kd2 Nf3+ 63. Ke3 Kc6 0-1

[Event "Colonia Camara Gastronomica"]
[Site "Colonia"]
[Date "2011.05.03"]
[Round "4"]
[White "Genta, Alejandro"]
[Black "Ippoliti, Horacio Alberto"]
[Result "1-0"]
[WhiteElo "2113"]
[BlackElo "2076"]
[PlyCount "87"]
[EventDate "2011.05.01"]
[EventType "tourn"]
[EventRounds "9"]
[EventCountry "URU"]
[SourceTitle "EXT 2024"]
[Source "ChessBase"]
[SourceDate "2023.10.10"]
[SourceVersion "1"]
[SourceVersionDate "2023.10.10"]
[SourceQuality "1"]

1. d4 Nf6 2. c4 c5 3. d5 g6 4. Nc3 Bg7 5. e4 d6 6. Nf3 0-0 7. Be2 e6 8. 0-0 exd5 9. cxd5 Re8 10. Qc2 a6 11. a4 Nbd7 12. Bf4 Qe7 13. Rfe1 Nh5 14. Bg5 Qf8 15. Nd2 h6 16. Be3 Nhf6 17. h3 Rb8 18. Bf4 Nh7 19. Bh2 Bd4 20. Nb3 Nhf6 21. Bf1 Ne5 22. Nxd4 cxd4 23. Na2 g5 24. Qd2 Qg7 25. Qxd4 Bxh3 26. Qb6 Nfg4 27. Bg3 f5 28. exf5 Qf6 29. f3 Nd7 30. Qxd6 Qd4+ 31. Kh1 Ngf6 32. gxh3 Qxb2 33. Qb4 Qc2 34. Bxb8 Rxb8 35. d6 Qxf5 36. Qc4+ Kh8 37. Nc3 Ne5 38. Qc7 Rf8 39. d7 Nfxd7 40. Bg2 Nxf3 41. Rf1 Nde5 42. Rae1 Qf4 43. Qxe5+ Nxe5 44. Rxf4 1-0

[Event "Asuncion Roggio Cup-C 3rd"]
[Site "Asuncion"]
[Date "2010.05.26"]
[Round "6"]
[White "Roman, Rodrigo"]
[Black "Ippoliti, Horacio Alberto"]
[Result "1/2-1/2"]
[WhiteElo "1905"]
[BlackElo "2090"]
[PlyCount "93"]
[EventDate "2010.05.20"]
[EventType "swiss"]
[EventRounds "9"]
[EventCountry "PAR"]
[SourceTitle "CBM 136 Extra"]
[Source "ChessBase"]
[SourceDate "2010.07.02"]
[SourceVersion "2"]
[SourceVersionDate "2010.07.15"]
[SourceQuality "1"]

1. Nf3 Nf6 2. g3 g6 3. Bg2 Bg7 4. 0-0 0-0 5. c4 d6 6. Nc3 e5 7. d4 Nbd7 8. e4 c6 9. h3 Qc7 10. Be3 Re8 11. d5 Nc5 12. Ne1 cxd5 13. cxd5 Bd7 14. Nd3 Rec8 15. Rc1 Qd8 16. b4 Nxd3 17. Qxd3 a6 18. Ne2 Bb5 19. Qd2 Nd7 20. Rxc8 Rxc8 21. Rc1 Rxc1+ 22. Nxc1 Nb6 23. Bf1 Nc4 24. Qc3 Nxe3 25. Qxe3 Bxf1 26. Kxf1 Qc8 27. Kg2 Qc4 28. a3 f5 29. f3 f4 30. Qd2 Bf6 31. Ne2 fxg3 32. Kxg3 h5 33. Kf2 Bh4+ 34. Kf1 Qc8 35. Kg2 Kg7 36. Qd3 Qd8 37. Qe3 Bg5 38. Qf2 Bf4 39. Qa7 Qg5+ 40. Kh1 Qh4 41. Qxb7+ Kh6 42. Qc8 Qe1+ 43. Ng1 Be3 44. Qf8+ Kg5 45. f4+ exf4 46. Qe7+ Kh6 47. Qf8+ 1/2-1/2

[Event "Asuncion Roggio Cup-C 3rd"]
[Site "Asuncion"]
[Date "2010.05.25"]
[Round "5"]
[White "Ippoliti, Horacio Alberto"]
[Black "Butti, Enrique"]
[Result "1-0"]
[WhiteElo "2090"]
[BlackElo "2089"]
[PlyCount "35"]
[EventDate "2010.05.20"]
[EventType "swiss"]
[EventRounds "9"]
[EventCountry "PAR"]
[SourceTitle "CBM 136 Extra"]
[Source "ChessBase"]
[SourceDate "2010.07.02"]
[SourceVersion "2"]
[SourceVersionDate "2010.07.15"]
[SourceQuality "1"]

1. e4 d6 2. d4 Nf6 3. Nc3 g6 4. Nf3 Bg7 5. Be3 0-0 6. Qd2 a6 7. Bh6 b5 8. Bd3 c5 9. Bxg7 Kxg7 10. e5 dxe5 11. dxe5 Nfd7 12. h4 h5 13. 0-0-0 Bb7 14. Be4 Qc7 15. Nd5 Bxd5 16. Bxd5 Ra7 17. e6 fxe6 18. Ng5 1-0

[Event "Asuncion Roggio Cup-C 3rd"]
[Site "Asuncion"]
[Date "2010.05.24"]
[Round "4"]
[White "Chang, Suzana"]
[Black "Ippoliti, Horacio Alberto"]
[Result "1/2-1/2"]
[WhiteElo "2031"]
[BlackElo "2090"]
[PlyCount "91"]
[EventDate "2010.05.20"]
[EventType "swiss"]
[EventRounds "9"]
[EventCountry "PAR"]
[SourceTitle "CBM 136 Extra"]
[Source "ChessBase"]
[SourceDate "2010.07.02"]
[SourceVersion "2"]
[SourceVersionDate "2010.07.15"]
[SourceQuality "1"]

1. d4 Nf6 2. c4 g6 3. Nc3 Bg7 4. e4 0-0 5. Be2 c5 6. d5 e6 7. Be3 d6 8. e5 dxe5 9. Bxc5 Re8 10. Nf3 Na6 11. Ba3 e4 12. Ng5 exd5 13. cxd5 h6 14. Nh3 Bxh3 15. gxh3 Qa5 16. Qb3 Nc5 17. Qb4 Nd3+ 18. Bxd3 exd3+ 19. Kf1 Qa6 20. Rd1 Rad8 21. d6 Qc6 22. Rg1 Qf3 23. Rg3 Qh1+ 24. Rg1 Qf3 25. Rg3 Qh1+ 26. Rg1 Qxh2 27. Rxd3 Re1+ 28. Kxe1 Qxg1+ 29. Ke2 Re8+ 30. Re3 Rxe3+ 31. fxe3 Qg2+ 32. Kd3 Nd7 33. Ne2 Ne5+ 34. Kd2 Qd5+ 35. Nd4 Nc4+ 36. Kd3 Ne5+ 37. Kd2 Qg2+ 38. Ne2 Qd5+ 39. Nd4 Nc4+ 40. Kd3 Nxa3 41. Qxa3 Bf8 42. Qxa7 Bxd6 43. e4 Qh5 44. Qxb7 Qxh3+ 45. Kc4 Qg4 46. a4 1/2-1/2

[Event "Colonia 4th"]
[Site "Colonia"]
[Date "2010.04.23"]
[Round "7"]
[White "Oddone, Cristhian"]
[Black "Ippoliti, Horacio Alberto"]
[Result "1-0"]
[WhiteElo "2220"]
[BlackElo "2114"]
[PlyCount "87"]
[EventDate "2010.04.19"]
[EventType "tourn"]
[EventRounds "7"]
[EventCountry "URU"]
[SourceTitle "EXT 2013"]
[Source "ChessBase"]
[SourceDate "2012.11.22"]
[SourceVersion "1"]
[SourceVersionDate "2012.11.22"]
[SourceQuality "1"]

1. Nf3 d5 2. g3 Nf6 3. Bg2 e6 4. 0-0 c5 5. d3 Nc6 6. Nbd2 Be7 7. e4 0-0 8. Re1 Qc7 9. e5 Nd7 10. Qe2 f6 11. exf6 Nxf6 12. Bh3 Nd8 13. Ne5 Bd6 14. f4 Bxe5 15. fxe5 Ne8 16. Nf3 Nf7 17. c4 Qc6 18. Bf4 Nc7 19. Rf1 Bd7 20. Bg2 b5 21. b3 Qb7 22. h4 Bc6 23. Rf2 Rad8 24. Raf1 Na6 25. Bh3 Qd7 26. Ne1 bxc4 27. dxc4 d4 28. Qg4 Nc7 29. Nd3 Qe7 30. Bd2 Rc8 31. b4 Ba4 32. Nxc5 Nxe5 33. Qxd4 Rxf2 34. Rxf2 Nc6 35. Qe4 Qd6 36. Nxa4 Qxg3+ 37. Bg2 Rd8 38. Bf4 Rd1+ 39. Rf1 Qg4 40. Bxc7 Rxf1+ 41. Kxf1 Qd1+ 42. Kf2 Nd4 43. Nc3 Qd2+ 44. Ne2 1-0

[Event "Colonia 4th"]
[Site "Colonia"]
[Date "2010.04.22"]
[Round "6"]
[White "Ippoliti, Horacio Alberto"]
[Black "Saralegui Cassan, Mario"]
[Result "0-1"]
[WhiteElo "2114"]
[BlackElo "2161"]
[PlyCount "98"]
[EventDate "2010.04.19"]
[EventType "tourn"]
[EventRounds "7"]
[EventCountry "URU"]
[SourceTitle "EXT 2013"]
[Source "ChessBase"]
[SourceDate "2012.11.22"]
[SourceVersion "1"]
[SourceVersionDate "2012.11.22"]
[SourceQuality "1"]

1. g3 e5 2. Bg2 Nf6 3. c4 d5 4. cxd5 Nxd5 5. Nc3 Nxc3 6. bxc3 Bd6 7. d4 0-0 8. e3 Nc6 9. Ne2 Rb8 10. 0-0 Bf5 11. Bd2 Qc8 12. Qa4 b5 13. Qd1 Na5 14. a4 Nc4 15. axb5 e4 16. Bc1 Rxb5 17. Rxa7 Re8 18. Qc2 Rb6 19. Ra4 Rc6 20. Qb1 Nb6 21. Ra1 Bf8 22. Ba3 Bxa3 23. Rxa3 Nc4 24. Ra2 Rb6 25. Qc1 Bg4 26. Nf4 Rh6 27. Qb1 Bf3 28. Qb5 Nd6 29. Qg5 f5 30. Ra5 Bg4 31. Bh1 Rf6 32. Nd5 Rf7 33. Rfa1 h6 34. Qg6 Re6 35. Qxg4 fxg4 36. Ra8 Qxa8 37. Rxa8+ Kh7 38. c4 c6 39. Nf4 Ref6 40. c5 g5 41. Nh5 Rxf2 42. Bg2 Rxg2+ 43. Kxg2 Nc4 44. Ra1 Nxe3+ 45. Kg1 Kg6 46. Re1 Rf3 47. d5 Nxd5 48. Rxe4 Kxh5 49. h4 Rxg3+ 0-1

[Event "Colonia 4th"]
[Site "Colonia"]
[Date "2010.04.21"]
[Round "3"]
[White "Ippoliti, Horacio Alberto"]
[Black "Larrea, Manuel"]
[Result "1/2-1/2"]
[WhiteElo "2114"]
[BlackElo "2333"]
[PlyCount "154"]
[EventDate "2010.04.19"]
[EventType "tourn"]
[EventRounds "7"]
[EventCountry "URU"]
[SourceTitle "EXT 2013"]
[Source "ChessBase"]
[SourceDate "2012.11.22"]
[SourceVersion "1"]
[SourceVersionDate "2012.11.22"]
[SourceQuality "1"]

1. d4 Nf6 2. Nc3 d5 3. Bg5 Bf5 4. Bxf6 exf6 5. e3 c6 6. Bd3 Bg6 7. Nge2 Bd6 8. h4 Nd7 9. h5 Bxd3 10. Qxd3 Qe7 11. e4 dxe4 12. Nxe4 Bc7 13. 0-0-0 0-0-0 14. Kb1 f5 15. N4c3 g6 16. Rhe1 Rhe8 17. Qh3 Nf6 18. hxg6 fxg6 19. f3 h5 20. Qh1 Qe3 21. Nc1 Qf2 22. Rxe8 Rxe8 23. Nb3 Bg3 24. Rf1 Qe3 25. Rd1 Qf2 26. Rf1 Qxf1+ 27. Qxf1 Re1+ 28. Qxe1 Bxe1 29. Ne2 g5 30. Nc5 g4 31. Nd3 gxf3 32. gxf3 Bh4 33. c4 b6 34. Kc2 Kd7 35. Ndf4 Bg5 36. Nh3 Bh6 37. Kd3 Kd6 38. b3 h4 39. Nc3 Nh5 40. Ne2 Ke6 41. b4 Kf6 42. a4 Bf8 43. b5 cxb5 44. axb5 Bd6 45. Ke3 Ng7 46. Nef4 Ne8 47. Nd3 Nc7 48. f4 Kg6 49. Ne5+ Kh5 50. Kf3 Ne6 51. Nc6 Bc7 52. d5 Nc5 53. Ne7 Ne4 54. Nxf5 Nd2+ 55. Kg2 Nxc4 56. Ng7+ Kg6 57. Ne6 Ne3+ 58. Kf3 Nxd5 59. Kg4 Bd6 60. Nhg5 Kf6 61. f5 Nc7 62. Ne4+ Ke5 63. Nxd6 Nxe6 64. Nc4+ Kd5 65. fxe6 Kxe6 66. Kxh4 Kd5 67. Na3 Kc5 68. Kg4 Kb4 69. Nb1 Kxb5 70. Kf4 Kb4 71. Ke3 Kb3 72. Kd4 a5 73. Nd2+ Kb4 74. Nc4 b5 75. Nd6 a4 76. Nxb5 a3 77. Nxa3 Kxa3 1/2-1/2

[Event "Colonia 4th"]
[Site "Colonia"]
[Date "2010.04.20"]
[Round "2"]
[White "Brito, Luismar Jorge"]
[Black "Ippoliti, Horacio Alberto"]
[Result "1/2-1/2"]
[WhiteElo "2328"]
[BlackElo "2114"]
[PlyCount "147"]
[EventDate "2010.04.19"]
[EventType "tourn"]
[EventRounds "7"]
[EventCountry "URU"]
[SourceTitle "EXT 2013"]
[Source "ChessBase"]
[SourceDate "2012.11.22"]
[SourceVersion "1"]
[SourceVersionDate "2012.11.22"]
[SourceQuality "1"]

1. e4 e6 2. Nf3 d5 3. Nc3 Nf6 4. e5 Nfd7 5. d4 c5 6. dxc5 Nc6 7. Bf4 Nxc5 8. Bd3 Be7 9. 0-0 g5 10. Bg3 h5 11. h3 g4 12. hxg4 hxg4 13. Nh2 Qb6 14. Rb1 Bd7 15. Re1 0-0-0 16. a3 Bh4 17. Bxh4 Rxh4 18. Nxg4 Nxd3 19. cxd3 Qd4 20. Ne3 Rdh8 21. Kf1 Qxe5 22. Ne2 Rh1+ 23. Ng1 Kb8 24. Ng4 Qg5 25. Qf3 e5 26. Nf6 Qh6 27. Nxd7+ Ka8 28. g3 Qh3+ 29. Qg2 Qxd7 30. g4 f6 31. Re3 R8h2 32. Qg3 Nd4 33. Rc1 Rh4 34. Qg2 Ne6 35. Qxd5 Qe8 36. d4 Nf4 37. Qc4 b5 38. Qc8+ Qxc8 39. Rxc8+ Kb7 40. Rg8 exd4 41. Rg3 Kc6 42. Rd8 Kc5 43. g5 fxg5 44. b4+ Kc4 45. Rc8+ Kd5 46. Rxg5+ Ke4 47. Rg3 Ke5 48. Rc5+ Ke4 49. Rc7 Nh3 50. Re7+ Kd5 51. Rd7+ Ke5 52. Rxa7 Nxg1 53. Rxg1 d3 54. Re7+ Kd4 55. Rd7+ Kc3 56. Rxh1 Rxh1+ 57. Kg2 Rh5 58. Kf3 Re5 59. Kf4 Re8 60. Rc7+ Kb2 61. Rd7 Kc2 62. Rc7+ Kd1 63. Rc5 d2 64. Rxb5 Rd8 65. Rh5 Kc2 66. Rh1 d1Q 67. Rxd1 Rxd1 68. Ke5 Rf1 69. Kd5 Rxf2 70. Kd6 Rf8 71. b5 Rf7 72. b6 Rf6+ 73. Kc7 Kb3 74. b7 1/2-1/2

[Event "Camara Gastronomica 3rd"]
[Site "Colonia del Sacramento"]
[Date "2009.04.22"]
[Round "3"]
[White "Ibanez Iglesias, Juan Rodrigo"]
[Black "Ippoliti, Horacio Alberto"]
[Result "1-0"]
[WhiteElo "1876"]
[BlackElo "2154"]
[PlyCount "95"]
[EventDate "2009.04.21"]
[EventType "tourn"]
[EventRounds "7"]
[EventCountry "URU"]
[SourceTitle "EXT 2017"]
[Source "ChessBase"]
[SourceDate "2016.10.25"]
[SourceVersion "1"]
[SourceVersionDate "2016.10.25"]
[SourceQuality "1"]

1. e4 Nf6 2. Nc3 d5 3. exd5 Nxd5 4. Nxd5 Qxd5 5. Nf3 e5 6. d3 Nc6 7. Be2 Bg4 8. 0-0 0-0-0 9. Be3 Kb8 10. Nxe5 Qxe5 11. Bxg4 f5 12. Bf3 f4 13. Bd2 Nd4 14. Re1 Qf6 15. c3 Ne6 16. Bxb7 Nc5 17. Bf3 Nxd3 18. Qb3+ Qb6 19. Re2 Bc5 20. Qxb6+ axb6 21. Be1 Bd6 22. Rd1 Ne5 23. Be4 f3 24. gxf3 Ng6 25. Bd2 Bf4 26. Bc2 Bd6 27. Bg5 Rd7 28. Rde1 Nf4 29. Re8+ Rxe8 30. Rxe8+ Ka7 31. Bxf4 Bxf4 32. Be4 b5 33. Bxh7 Rd2 34. Be4 Rxb2 35. a4 b4 36. Ra8+ Kb6 37. a5+ Kc5 38. cxb4+ Rxb4 39. a6 Ra4 40. a7 c6 41. Rf8 Bxh2+ 42. Kxh2 Rxa7 43. Rc8 Ra6 44. Rc7 g5 45. Rg7 Kd4 46. Rxg5 c5 47. Rd5+ Kc4 48. Bd3+ 1-0

[Event "Camara Gastronomica 3rd"]
[Site "Colonia del Sacramento"]
[Date "2009.04.22"]
[Round "4"]
[White "Ippoliti, Horacio Alberto"]
[Black "Rodriguez, Santiago"]
[Result "0-1"]
[WhiteElo "2154"]
[BlackElo "2267"]
[PlyCount "70"]
[EventDate "2009.04.21"]
[EventType "tourn"]
[EventRounds "7"]
[EventCountry "URU"]
[SourceTitle "EXT 2017"]
[Source "ChessBase"]
[SourceDate "2016.10.25"]
[SourceVersion "1"]
[SourceVersionDate "2016.10.25"]
[SourceQuality "1"]

1. d4 Nf6 2. Nc3 d5 3. Bg5 Nbd7 4. Nf3 h6 5. Bxf6 Nxf6 6. Qd3 c6 7. e4 Qa5 8. e5 Ne4 9. Nd2 Nxd2 10. Qxd2 Bf5 11. Bd3 g6 12. 0-0 e6 13. a3 Be7 14. Be2 h5 15. h3 g5 16. Bd3 Bxd3 17. Qxd3 0-0-0 18. g3 Kb8 19. b4 Qb6 20. Rfb1 f6 21. a4 fxe5 22. dxe5 Rdf8 23. Qe2 Qd4 24. Rb3 Rf5 25. Re1 Rhf8 26. Nd1 h4 27. c3 Qb6 28. a5 Qc7 29. g4 Rf4 30. Kg2 Re4 31. Ne3 Qxe5 32. Qd3 Bd6 33. Rh1 Rxf2+ 34. Kxf2 Qg3+ 35. Kf1 Rxe3 0-1

[Event "Colonia 2nd"]
[Site "Colonia"]
[Date "2008.05.07"]
[Round "6"]
[White "Ippoliti, Horacio Alberto"]
[Black "Larrea, Manuel"]
[Result "0-1"]
[WhiteElo "2270"]
[BlackElo "2342"]
[PlyCount "118"]
[EventDate "2008.05.04"]
[EventType "tourn"]
[EventRounds "9"]
[EventCountry "URU"]
[EventCategory "3"]
[SourceTitle "CBM 124 Extra"]
[Source "ChessBase"]
[SourceDate "2008.07.03"]
[SourceVersion "1"]
[SourceVersionDate "2008.07.03"]
[SourceQuality "1"]

1. d4 Nf6 2. Bg5 Ne4 3. Bf4 c5 4. f3 Qa5+ 5. c3 Nf6 6. Nd2 cxd4 7. Nb3 Qb6 8. Qxd4 Nc6 9. Qxb6 axb6 10. Be3 b5 11. Nd4 Nxd4 12. cxd4 d6 13. Bd2 Be6 14. e4 Bc4 15. Ne2 d5 16. e5 Nd7 17. Nc3 b4 18. Nb5 Ra5 19. Na3 Bxf1 20. Rxf1 e6 21. Nc2 Rb5 22. Ke2 Be7 23. a3 b3 24. Nb4 Nb8 25. Rac1 Kd7 26. f4 Nc6 27. Nxc6 bxc6 28. f5 exf5 29. g4 f4 30. Rxf4 f6 31. Kd3 fxe5 32. dxe5 c5 33. Rf7 c4+ 34. Ke2 Ke6 35. Rxg7 Rf8 36. Rxh7 Bc5 37. Be1 Rf4 38. Rh6+ Kf7 39. Rf6+ Rxf6 40. exf6 Kxf6 41. Bf2 Bxf2 42. Kxf2 Ra5 43. Ke3 Ke5 44. Kd2 Kd4 45. g5 Ra8 46. Rg1 Rf8 47. Rg2 Rf1 48. g6 c3+ 49. bxc3+ Kc4 50. Rg4+ Kc5 51. g7 b2 52. g8Q b1Q 53. Qc8+ Kd6 54. Qd8+ Ke6 55. Rg6+ Qxg6 56. Qc8+ Ke5 57. Qb8+ Qd6 58. Qe8+ Kf6 59. Qh8+ Ke7 0-1

[Event "Colonia 2nd"]
[Site "Colonia"]
[Date "2008.05.06"]
[Round "4"]
[White "Ippoliti, Horacio Alberto"]
[Black "Roselli Mailhe, Bernardo"]
[Result "0-1"]
[WhiteElo "2270"]
[BlackElo "2420"]
[PlyCount "68"]
[EventDate "2008.05.04"]
[EventType "tourn"]
[EventRounds "9"]
[EventCountry "URU"]
[EventCategory "3"]
[SourceTitle "CBM 124 Extra"]
[Source "ChessBase"]
[SourceDate "2008.07.03"]
[SourceVersion "1"]
[SourceVersionDate "2008.07.03"]
[SourceQuality "1"]

1. d4 d5 2. Nc3 e6 3. e4 Bb4 4. exd5 exd5 5. Qf3 Qe7+ 6. Nge2 c6 7. Bf4 Nf6 8. Bxb8 Rxb8 9. Qg3 Ra8 10. Qxg7 Rg8 11. Qh6 Bf5 12. 0-0-0 Ng4 13. Qf4 Qg5 14. Rd2 Qxf4 15. Nxf4 Bd6 16. g3 Bxf4 17. gxf4 Kf8 18. Bg2 Nf6 19. Bf3 Bg4 20. Rd3 Re8 21. Rg1 Bxf3 22. Rxg8+ Kxg8 23. Rxf3 Re1+ 24. Kd2 Rh1 25. h3 b5 26. a3 a5 27. b4 a4 28. f5 Kf8 29. Nd1 Ne4+ 30. Ke2 Ke7 31. f6+ Ke6 32. Nc3 Ng5 33. Re3+ Kxf6 34. f4 Ne6 0-1

[Event "Colonia 2nd"]
[Site "Colonia"]
[Date "2008.05.04"]
[Round "1"]
[White "Soppe, Guillermo"]
[Black "Ippoliti, Horacio Alberto"]
[Result "1-0"]
[WhiteElo "2417"]
[BlackElo "2270"]
[PlyCount "111"]
[EventDate "2008.05.04"]
[EventType "tourn"]
[EventRounds "9"]
[EventCountry "URU"]
[EventCategory "3"]
[SourceTitle "CBM 124 Extra"]
[Source "ChessBase"]
[SourceDate "2008.07.03"]
[SourceVersion "1"]
[SourceVersionDate "2008.07.03"]
[SourceQuality "1"]

1. d4 f5 2. g3 Nf6 3. Bg2 g6 4. Nf3 Bg7 5. 0-0 0-0 6. b4 a5 7. b5 c5 8. Bb2 cxd4 9. Bxd4 d6 10. c4 Nbd7 11. Nbd2 e5 12. Bb2 Nc5 13. Nb3 Nfe4 14. Nxc5 Nxc5 15. Qc2 Be6 16. Rad1 Qe7 17. Ne1 Rac8 18. Bd5 Rfd8 19. Ng2 Ne4 20. Ne3 Nf6 21. Bxe6+ Qxe6 22. Qa4 b6 23. Nd5 Nxd5 24. Rxd5 Rc5 25. Rfd1 Rxd5 26. cxd5 Qd7 27. Rc1 f4 28. Rc6 Qf5 29. Qc2 e4 30. Bxg7 Kxg7 31. Rxb6 Rf8 32. Qc3+ Kh6 33. Rb7 Rf6 34. gxf4 g5 35. Kg2 gxf4 36. Qh3+ Qxh3+ 37. Kxh3 Rf5 38. Kg4 f3 39. exf3 Rxf3 40. Re7 Rxf2 41. a4 Rd2 42. Re6+ Kg7 43. b6 Rd4 44. Rxd6 Rxa4 45. Kf4 Rb4 46. Rc6 Kf7 47. Rc7+ Kf6 48. Rxh7 e3+ 49. Kxe3 Ke5 50. Ra7 a4 51. b7 Kxd5 52. h4 Ke5 53. h5 Kd6 54. h6 Kc7 55. h7 Rh4 56. Ra8 1-0

[Event "Salto 1st"]
[Site "Salto"]
[Date "2004.08.02"]
[Round "2"]
[White "Recine, Leonel"]
[Black "Ippoliti, Horacio Alberto"]
[Result "0-1"]
[WhiteElo "2170"]
[BlackElo "2163"]
[PlyCount "106"]
[EventDate "2004.08.01"]
[EventType "tourn"]
[EventRounds "9"]
[EventCountry "URU"]
[SourceTitle "CBM 101 Extra"]
[Source "ChessBase"]
[SourceDate "2004.09.01"]
[SourceVersion "2"]
[SourceVersionDate "2004.09.01"]
[SourceQuality "1"]

1. d4 Nf6 2. c4 g6 3. Nc3 Bg7 4. e4 0-0 5. Nf3 d6 6. Be2 Bg4 7. Be3 Nfd7 8. 0-0 Nc6 9. Nd2 Bxe2 10. Nxe2 e5 11. d5 Ne7 12. Rb1 f5 13. f3 Nf6 14. b4 fxe4 15. Nxe4 Nf5 16. Bc1 h6 17. Qd3 Kh7 18. Bb2 a5 19. b5 Nd7 20. Bc3 b6 21. a4 Rf7 22. Rb2 Qe7 23. Bd2 Raf8 24. N2g3 Nd4 25. Rbb1 Rf4 26. Rbe1 Qh4 27. Ne2 R4f7 28. N2g3 Nf5 29. Ne2 Nc5 30. Nxc5 dxc5 31. Nc3 e4 32. Rxe4 Bd4+ 33. Rxd4 Qxd4+ 34. Qxd4 cxd4 35. Ne4 Re8 36. Re1 Nd6 37. c5 bxc5 38. Nxc5 Rxe1+ 39. Bxe1 Nc4 40. Nb3 d3 41. d6 cxd6 42. Nxa5 Nb6 43. Bd2 Nxa4 44. Nc4 Rd7 45. Kf1 Kg7 46. b6 Kf6 47. Be3 Ke6 48. Ke1 d5 49. Na5 d4 50. Bxh6 Nc5 51. Bf8 Nb7 52. Nc4 Kd5 53. Nb2 Nc5 0-1

[Event "Najdorf Festival op"]
[Site "Buenos Aires"]
[Date "1998.10.25"]
[Round "3"]
[White "Ippoliti, Horacio Alberto"]
[Black "Panno, Oscar"]
[Result "0-1"]
[WhiteElo "2225"]
[BlackElo "2465"]
[PlyCount "80"]
[EventDate "1998.10.??"]
[EventType "swiss"]
[EventRounds "9"]
[EventCountry "ARG"]
[SourceTitle "EXT 2002"]
[Source "ChessBase"]
[SourceDate "2001.11.25"]
[SourceVersion "1"]
[SourceVersionDate "2001.11.25"]
[SourceQuality "1"]

1. d4 Nf6 2. Nc3 d5 3. Bg5 Bf5 4. Bxf6 gxf6 5. e3 e6 6. Bd3 Bg6 7. Nge2 c5 8. 0-0 Nc6 9. f4 f5 10. dxc5 Bxc5 11. Qd2 a6 12. Nd1 d4 13. Kh1 0-0 14. a3 Rc8 15. b4 Ba7 16. Ng3 dxe3 17. Nxe3 Qf6 18. Rab1 Rfd8 19. b5 axb5 20. Rxb5 Qd4 21. Nd1 Rc7 22. Nf2 Qe3 23. Qxe3 Bxe3 24. Nh3 Ra8 25. Re1 Bd2 26. Rd1 Bc3 27. Rdb1 Rxa3 28. Rxb7 Rxb7 29. Rxb7 Ra1+ 30. Ng1 Bd2 31. c4 Bxf4 32. N3e2 Be3 33. Rb1 Ra3 34. Rd1 Ne5 35. Bb1 Nxc4 36. Nf3 Kg7 37. Ne1 Nb2 38. Nc2 Nxd1 39. Nxe3 Nf2+ 40. Kg1 Ne4 0-1

[Event "ARG-ch sf"]
[Site "Buenos Aires"]
[Date "1998.??.??"]
[Round "1"]
[White "Alonso, Salvador"]
[Black "Ippoliti, Horacio Alberto"]
[Result "1-0"]
[WhiteElo "2390"]
[BlackElo "2225"]
[PlyCount "67"]
[EventDate "1998.??.??"]
[EventType "swiss"]
[EventRounds "9"]
[EventCountry "ARG"]
[SourceTitle "EXT 2000"]
[Source "ChessBase"]
[SourceDate "1999.11.16"]
[SourceVersion "1"]
[SourceVersionDate "1999.11.16"]
[SourceQuality "1"]

1. e4 Nc6 2. d4 d5 3. Nc3 e5 4. dxe5 d4 5. Nd5 f5 6. exf6 Nxf6 7. Nxf6+ Qxf6 8. Bd3 Bb4+ 9. Bd2 0-0 10. f3 Qh4+ 11. g3 Qe7 12. a3 Bd6 13. Qe2 Ne5 14. f4 Bg4 15. Qg2 Nxd3+ 16. cxd3 c5 17. Ne2 Qd7 18. h3 Be6 19. f5 Bb3 20. 0-0 Bc2 21. Nc1 c4 22. Bf4 cxd3 23. Qd2 Bxf4 24. Rxf4 Qb5 25. b4 Qc4 26. Rf3 Rae8 27. Nxd3 Bxd3 28. Rc1 Qa6 29. Qxd3 Qh6 30. Rc7 Qxh3 31. Qxd4 Qg4 32. Kg2 Kh8 33. f6 gxf6 34. Rxf6 1-0